000 00488nam a2200157Ia 4500
008 090124s9999 xx 000 0 und d
082 _b38242
245 _a नवीन पेन्शन लाभ
250 _a1
260 _bश्री मंगेश प्रकाशन
_c1999
300 _a71
630 _a नवीन पेन्शन लाभ
700 _aदातार प्र. य.
730 _a नवीन पेन्शन लाभ
942 _cBOOK
999 _c104250
_d104250